000 00350nam a2200133Ia 4500
008 100328s9999 xx 000 0 und d
082 _b32025
100 _aगांगल वसंत
245 _aससेमिरा
260 _bमनोरंजन
630 _aससेमिरा
730 _aससेमिरा
942 _cBOOK
999 _c522835
_d522832